000 00290nam a22001337a 4500
008 170208b xxu||||| |||| 00| 0 eng d
020 _a9781455776122
041 _aeng
080 _a61
100 _a4
101 _aSHM
245 _aMRI IN SPORTS MEDICINE
_cSANDERS, T.G
942 _2udc
_cBK
999 _c4912
_d4912